| 000 | 00431nam a22001817a 4500 | ||
|---|---|---|---|
| 005 | 20230110114209.0 | ||
| 008 | 221216b |||||||| |||| 00| 0 eng d | ||
| 020 | _a978-93-539-4845-0 | ||
| 041 | _aeng | ||
| 082 | _a547 BRU-O | ||
| 100 |
_aBRUICE ,PAULA YURKANIS _97363 |
||
| 245 | _aORGANIC CHEMISTRY | ||
| 250 | _a8th ed. | ||
| 260 | _bPEARSON | ||
| 300 | _a1360;P. | ||
| 650 |
_aPHARMACY _xD.PHARMA _97090 |
||
| 942 | _cBK | ||
| 999 |
_c8073 _d8071 |
||